Autour des championnats du monde de handball Masculins - Statistiques

Statistiques générales
  • Ce quiz a été pris 10 fois
  • Le résultat moyen est 95 sur 250
Statistiques - réponses
Citez le ou un des pays hôte(s) Année Réponse % Correct
Citez le ou un des pays hôte(s) 1938 Allemagne
60%
Citez une équipe africaine participante 2011 Egypte | Tunisie | Algérie
60%
Citez une équipe africaine participante 2013 Egypte | Tunisie | Algérie
60%
Citez une équipe africaine participante 2015 Egypte | Tunisie | Algérie
60%
Citez une équipe africaine participante 2023 Egypte | Tunisie | Algérie | Maroc | Cap-vert
60%
Citez une équipe africaine participante 2017 Egypte | Tunisie | Angola
60%
Citez une équipe africaine participante 2019 Egypte | Tunisie | Angola
60%
Citez une équipe africaine participante 2021 Egypte | Tunisie | Angola | Maroc | RD Congo | Cap-vert
60%
Citez une des nations en demi-finale (hors le pays champion) 2021 Espagne | France | Suède
60%
Citez une des nations en demi-finale (hors le pays champion) 2023 Espagne | France | Suède
60%
Citez le ou un des pays hôte(s) 2017 France
60%
Citez une des nations 1ère de sa poule 2009 France | Allemagne | Danemark | Croatie
60%
Citez une des nations 1ère de sa poule 2015 France | Allemagne | Espagne | Croatie
60%
Citez une des nations 1ère de sa poule 2021 France | Espagne | Danemark | Croatie | Hongrie | Portugal
60%
Citez une des nations 1ère de sa poule 2023 France | Espagne | Suède | Portugal | Norvège | Allemagne
60%
Citez une des nations 1ère de sa poule 2011 France | Islande | Danemark | Suède
60%
Citez une des nations en demi-finale (hors le pays champion) 2019 France | Norvège | Allemagne
60%
Citez une des nations 1ère de sa poule 2019 France | Suède | Danemark | Croatie
60%
Citez une des nations 1ère de sa poule 1997 Islande | France | Espagne | Russie
60%
Citez une des nations 1ère de sa poule 2001 Suède | France | Espagne | Russie
60%
Ecart de points lors de la finale 1961 1
50%
Ecart de points lors de la finale 1970 1
50%
Ecart de points lors de la finale 1978 1
50%
Ecart de points lors de la finale 1999 1
50%
Ecart de points lors de la finale 1958 10
50%
Ecart de points lors de la finale 2013 16
50%
Ecart de points lors de la finale 1974 2
50%
Ecart de points lors de la finale 1997 2
50%
Ecart de points lors de la finale 2011 2
50%
Ecart de points lors de la finale 2021 2
50%
Ecart de points lors de la finale 1954 3
50%
Ecart de points lors de la finale 1964 3
50%
Ecart de points lors de la finale 1967 3
50%
Ecart de points lors de la finale 1982 3
50%
Ecart de points lors de la finale 2001 3
50%
Ecart de points lors de la finale 2003 3
50%
Ecart de points lors de la finale 2015 3
50%
Ecart de points lors de la finale 1990 4
50%
Ecart de points lors de la finale 1995 4
50%
Ecart de points lors de la finale 2007 5
50%
Ecart de points lors de la finale 2009 5
50%
Ecart de points lors de la finale 2023 5
50%
Ecart de points lors de la finale 2005 6
50%
Ecart de points lors de la finale 2017 7
50%
Ecart de points lors de la finale 1993 9
50%
Ecart de points lors de la finale 2019 9
50%
Citez un pays ayant pris part à (...) éditions 25 Allemagne | Suède
50%
Citez une équipe américaine participante 2005 Argentine | Brésil | Canada
50%
Citez une équipe américaine participante 2011 Argentine | Brésil | Chili
50%
Citez une équipe américaine participante 2013 Argentine | Brésil | Chili
50%
Citez une équipe américaine participante 2015 Argentine | Brésil | Chili
50%
Citez une équipe américaine participante 2017 Argentine | Brésil | Chili
50%
Citez une équipe américaine participante 2019 Argentine | Brésil | Chili
50%
Citez une équipe américaine participante 2021 Argentine | Brésil | Chili | Uruguay
50%
Citez une équipe américaine participante 2009 Argentine | Brésil | Cuba
50%
Citez une équipe américaine participante 2003 Argentine | Brésil | Groenland
50%
Citez une équipe américaine participante 2007 Argentine | Brésil | Groenland
50%
Citez une équipe américaine participante 2023 Argentine | Etats-Unis | Brésil | Chili | Uruguay
50%
Citez une équipe asiatique participante 2019 Bahrein | Qatar | Arabie saoudite | Japon | Corée
50%
Citez une équipe asiatique participante 2023 Bahrein | Qatar | Iran | Corée-du-sud | Arabie saoudite
50%
Citez une équipe asiatique participante 2021 Bahrein | Qatar | Japon | Corée-du-sud
50%
Citez une équipe asiatique participante 1986 Corée-du-sud
50%
Citez une équipe asiatique participante 1993 Corée-du-sud
50%
Citez une équipe asiatique participante 1997 Corée-du-sud | Japon | Chine | Arabie saoudite
50%
Citez une équipe asiatique participante 2001 Corée-du-sud | Koweit | Arabie saoudite
50%
Citez une équipe asiatique participante 1999 Corée-du-sud | Koweit | Chine | Arabie saoudite
50%
Citez une équipe asiatique participante 2013 Corée-du-sud | Qatar | Arabie saoudite
50%
Citez une des nations en demi-finale (hors le pays champion) 2013 Croatie | Danemark | Slovénie
50%
Citez une des nations en demi-finale (hors le pays champion) 2017 Croatie | Norvège | Slovénie
50%
Citez une équipe américaine participante 1982 Cuba
50%
Citez une équipe américaine participante 1986 Cuba
50%
Citez une équipe américaine participante 1990 Cuba
50%
Citez une équipe américaine participante 1997 Cuba | Argentine | Brésil
50%
Citez une équipe américaine participante 1999 Cuba | Brésil | Argentine
50%
Pays hôte vainqueur de son édition 2019 Danemark
50%
Citez un pays ayant pris part à (...) éditions 24 Danemark
50%
Citez un pays ayant remporté le championnat... 3 fois Danemark | Russie | Allemagne
50%
Citez une équipe africaine participante 1993 Egypte
50%
Citez une équipe africaine participante 2009 Egypte | Tunisie | Algérie
50%
Citez une équipe africaine participante 2005 Egypte | Tunisie | Algérie | Angola
50%
Citez une équipe africaine participante 2001 Egypte | Tunisie | Algérie | Maroc
50%
Citez une équipe africaine participante 2003 Egypte | Tunisie | Algérie | Maroc
50%
Citez une équipe africaine participante 1999 Egypte | Tunisie | Algérie | Maroc | Nigeria
50%
Citez une équipe africaine participante 1995 Egypte | Tunisie | Maroc | Algérie
50%
Citez une équipe africaine participante 2007 Egypte | Tunisie | Maroc | Angola
50%
Citez un pays ayant remporté le championnat... 2 fois Espagne
50%
Citez un pays ayant pris part à (...) éditions 21 Espagne | Hongrie | Islande
50%
Citez une équipe américaine participante 1993 Etats-Unis
50%
Citez une équipe américaine participante 2001 Etats-Unis | Brésil | Argentine | Groenland
50%
Citez une équipe américaine participante 1995 Etats-Unis | Brésil | Cuba
50%
Pays hôte vainqueur de son édition 2001 France
50%
Pays hôte vainqueur de son édition 2017 France
50%
Citez un pays ayant pris part à (...) éditions 23 France
50%
Citez un pays ayant remporté le championnat... 6 fois France
50%
Citez une des nations 1ère de sa poule 2017 France | Allemagne | Danemark | Espagne
50%
Citez une équipe asiatique participante 2011 Japon | Bahrein | Corée-du-sud
50%
Citez une équipe asiatique participante 1990 Japon | Corée-du-sud
50%
Citez une équipe asiatique participante 1995 Japon | Koweit | Corée-du-sud
50%
Citez une équipe asiatique participante 2007 Qatar | Koweit | Corée-du-sud
50%
Citez une des nations en demi-finale (hors le pays champion) 2015 Qatar | Pologne | Espagne
50%
Citez une des nations 1ère de sa poule 2013 Slovénie | Allemagne | Danemark | Croatie
50%
Citez une des nations 1ère de sa poule 2007 Slovénie | Islande | Espagne | Pologne | Hongrie | Croatie
50%
Citez le ou un des pays hôte(s) 1954 Suède
50%
Citez une des nations 1ère de sa poule 1954 Suède | Allemagne de l'ouest
50%
Citez une des nations 1ère de sa poule 1964 Suède | Allemagne de l'ouest | Tchécoslovaquie | Roumanie
50%
Citez une des nations 1ère de sa poule 2003 Suède | Allemagne | Espagne | Croatie
50%
Citez une des nations 1ère de sa poule 1999 Suède | Allemagne | Espagne | Russie
50%
Citez une des nations 1ère de sa poule 1958 Suède | Allemagne | Tchécoslovaquie | Danemark
50%
Citez une des nations 1ère de sa poule 1961 Suède | Allemagne | Tchécoslovaquie | Danemark
50%
Citez un pays ayant remporté le championnat... 4 fois Suède | Roumanie
50%
Citez une des nations 1ère de sa poule 1990 Suède | Roumanie | Espagne | URSS
50%
Citez une des nations 1ère de sa poule 1995 Suède | Suisse | Croatie | Allemagne
50%
Citez une des nations 1ère de sa poule 1993 Suède | Suisse | Espagne | Russie
50%
Citez une des nations 1ère de sa poule 2005 Tunisie | Russie | Croatie | Serbie-et-Monténégro
50%
Citez une des nations 1ère de sa poule 1967 Yougoslavie | Allemagne de l'ouest | Tchécoslovaquie | Roumanie
50%
Pays hôte vainqueur de son édition 1938 Allemagne
40%
Pays hôte vainqueur de son édition 2007 Allemagne
40%
Citez une des nations 1ère de sa poule 1982 Allemagne de l'est | Espagne | URSS | Yougoslavie
40%
Citez une des nations 1ère de sa poule 1986 Allemagne de l'ouest | Corée-du-Sud | Yougoslavie | Hongrie
40%
Citez une des nations 1ère de sa poule 1978 Allemagne de l'ouest | Roumanie | URSS | Pologne
40%
Citez une des nations en demi-finale (hors le pays champion) 1954 Allemagne de l'ouest | Tchécoslovaquie | Suisse
40%
Citez une des nations en demi-finale (hors le pays champion) 1958 Allemagne | Tchécoslovaquie | Danemark
40%
Citez une équipe américaine participante 1958 Brésil
40%
Citez une équipe américaine participante 1967 Canada
40%
Citez une équipe américaine participante 1978 Canada
40%
Citez une équipe asiatique participante 2009 Corée-du-sud | Koweit | Arabie saoudite
40%
Citez une des nations en demi-finale (hors le pays champion) 2005 Croatie | Tunisie | France
40%
Le meilleur buteur de la compétition appartient à l'équipe de/du 2011 Danemark
40%
Le meilleur buteur de la compétition appartient à l'équipe de/du 2013 Danemark
40%
Le meilleur buteur de la compétition appartient à l'équipe de/du 2019 Danemark
40%
Le meilleur buteur de la compétition appartient à l'équipe de/du 2023 Danemark
40%
Citez une des nations dernière de sa poule 1954 Danemark | France
40%
Citez une équipe asiatique participante 2017 Bahrein | Qatar | Arabie saoudite | Japon
40%
Citez le ou un des pays hôte(s) 2021 Egypte
40%
Citez une équipe africaine participante 1997 Egypte | Tunisie | Algérie | Maroc
40%
Pays hôte vainqueur de son édition 2013 Espagne
40%
Citez une des nations en demi-finale (hors le pays champion) 2011 Espagne | Danemark | Suède
40%
Citez une équipe américaine participante 1964 Etats-Unis
40%
Citez une équipe américaine participante 1970 Etats-Unis
40%
Citez une équipe américaine participante 1974 Etats-Unis
40%
Citez une des nations en demi-finale (hors le pays champion) 2003 France | Allemagne | Espagne
40%
Citez une équipe asiatique participante 2015 Iran | Qatar | Arabie saoudite
40%
Citez une équipe asiatique participante 1961 Japon
40%
Citez une équipe asiatique participante 1967 Japon
40%
Citez une équipe asiatique participante 1970 Japon
40%
Citez une équipe asiatique participante 1974 Japon
40%
Citez une équipe asiatique participante 1982 Japon | Koweit
40%
Citez une équipe asiatique participante 2005 Japon | Koweit | Qatar
40%
Citez une des nations en demi-finale (hors le pays champion) 2007 Pologne | Danemark | France
40%
Citez une équipe asiatique participante 2003 Qatar | Arabie saoudite | Koweit
40%
Citez une équipe asiatique participante 1964 République arabe unie | Japon
40%
Citez un pays ayant pris part à (...) éditions 22 Russie
40%
Pays hôte vainqueur de son édition 1954 Suède
40%
Citez une des nations 1ère de sa poule 1970 Suède | Allemagne de l'ouest | Tchécoslovaquie | Hongrie
40%
Citez une des nations en demi-finale (hors le pays champion) 1997 Suède | France | Hongrie
40%
Citez une des nations en demi-finale (hors le pays champion) 1993 Suède | France | Suisse
40%
Citez le ou un des pays hôte(s) 2023 Suède | Pologne
40%
Citez une équipe africaine participante 1967 Tunisie
40%
Citez une des nations 1ère de sa poule 1974 Yougoslavie | Allemagne de l'est | Tchécoslovaquie | Roumanie
40%
Citez une équipe africaine participante 1974 Algérie
30%
Citez une équipe africaine participante 1982 Algérie
30%
Citez une équipe africaine participante 1986 Algérie
30%
Citez une équipe africaine participante 1990 Algérie
30%
Citez le ou un des pays hôte(s) 2007 Allemagne
30%
Citez le ou un des pays hôte(s) 2019 Allemagne | Danemark
30%
Citez une des nations en demi-finale (hors le pays champion) 1986 Allemagne de l'est | Hongrie | Suède
30%
Citez une des nations en demi-finale (hors le pays champion) 1978 Allemagne de l'est | URSS | Danemark
30%
Citez une des nations en demi-finale (hors le pays champion) 1974 Allemagne de l'est | Yougoslavie | Pologne
30%
Citez le ou un des pays hôte(s) 1961 Allemagne de l'ouest
30%
Citez une des nations en demi-finale (hors le pays champion) 1964 Allemagne de l'ouest | Tchécoslovaquie | Suède
30%
Citez une des nations en demi-finale (hors le pays champion) 1961 Allemagne | Tchécoslovaquie | Suède
30%
Citez une des nations dernière de sa poule 1993 Autriche | Etats-Unis | Norvège | Corée-du-Sud
30%
Citez une des nations dernière de sa poule 1978 Canada | France | Islande | Bulgarie
30%
Citez une des nations dernière de sa poule 2021 Cap-vert | Tunisie | RD Congo | Angola | Autriche | Maroc | Chili | Corée-du-Sud
30%
Citez le ou un des pays hôte(s) 2009 Croatie
30%
Citez un pays ayant remporté le championnat... 1 fois Croatie | Tchéquie | Serbie
30%
Le meilleur buteur de la compétition appartient à l'équipe de/du 1958 Danemark
30%
Citez une des nations en demi-finale (hors le pays champion) 1982 Danemark | Yougoslavie | Pologne
30%
Citez le ou un des pays hôte(s) 2013 Espagne
30%
Citez une des nations dernière de sa poule 1974 Espagne | Islande | Algérie | Etats-Unis
30%
Citez une des nations dernière de sa poule 1970 Etats-Unis | Norvège | Suisse | Pologne
30%
Citez une des nations dernière de sa poule 1964 Etats-Unis | République arabe unie | France | Japon
30%
Citez une des nations dernière de sa poule 1958 Finlande | Luxembourg | Roumanie | Brésil
30%
Citez le ou un des pays hôte(s) 2001 France
30%
Citez une des nations dernière de sa poule 1982 Koweit | Algérie | Japon | Cuba
30%
Citez une des nations dernière de sa poule 1997 Maroc | Arabie saoudite | Argentine | Brésil
30%
Citez une des nations dernière de sa poule 1995 Maroc | Etats-Unis | Japon | Brésil
30%
Citez une des nations en demi-finale (hors le pays champion) 2009 Pologne | Danemark | Croatie
30%
Citez une des nations dernière de sa poule 1986 Pologne | Tchécoslovaquie | Algérie | Cuba
30%
Citez le ou un des pays hôte(s) 2015 Qatar
30%
Citez une des nations en demi-finale (hors le pays champion) 1999 Russie | Yougoslavie | Espagne
30%
Citez le ou un des pays hôte(s) 2011 Suède
30%
Citez une des nations en demi-finale (hors le pays champion) 1995 Suède | Croatie | Allemagne
30%
Citez une des nations en demi-finale (hors le pays champion) 2001 Suède | Yougoslavie | Egypte
30%
Citez une des nations dernière de sa poule 1990 Suisse | Japon | Algérie | Cuba
30%
Citez une des nations dernière de sa poule 1967 Suisse | Norvège | Canada | Tunisie
30%
Citez une des nations en demi-finale (hors le pays champion) 1967 URSS | Danemark | Roumanie
30%
Citez une des nations en demi-finale (hors le pays champion) 1990 URSS | Yougoslavie | Roumanie
30%
Citez une des nations dernière de sa poule 2023 Uruguay | Chili | Arabie saoudite | Corée-du-Sud | Algérie | Macédoine | Maroc | Tunisie
30%
Citez une des nations dernière de sa poule 1961 Yougoslavie | Pays-Bas | Japon | Suisse
30%
Le meilleur buteur de la compétition appartient à l'équipe de/du 1954 Allemagne
20%
Le meilleur buteur de la compétition appartient à l'équipe de/du 1967 Allemagne
20%
Citez une des nations en demi-finale (hors le pays champion) 1970 Allemagne de l'est | Yougoslavie | Danemark
20%
Citez le ou un des pays hôte(s) 1982 Allemagne de l'ouest
20%
Citez une des nations dernière de sa poule 2007 Australie | Groenland | Brésil | Qatar | Angola | Maroc
20%
Citez une des nations dernière de sa poule 2009 Australie | Koweit | Algérie | Arabie saoudite
20%
Citez une des nations dernière de sa poule 2011 Bahrein | Australie | Brésil | Chili
20%
Citez une des nations dernière de sa poule 2005 Canada | Australie | Koweit | Qatar
20%
Citez une des nations dernière de sa poule 2019 Corée | Japon | Arabie saoudite | Angola
20%
Citez le ou un des pays hôte(s) 1970 France
20%
Citez une des nations dernière de sa poule 2017 Japon | Chili | Bahrein | Angola
20%
Citez une des nations dernière de sa poule 2001 Maroc | Etats-Unis | Koweit | Arabie saoudite
20%
Citez une des nations dernière de sa poule 2003 Maroc | Groenland | Brésil | Arabie saoudite
20%
Citez le ou un des pays hôte(s) 2003 Portugal
20%
Citez le ou un des pays hôte(s) 1967 Suède
20%
Citez le ou un des pays hôte(s) 1993 Suède
20%
Le meilleur buteur de la compétition appartient à l'équipe de/du 1938 Suède | Allemagne
20%
Citez le ou un des pays hôte(s) 1964 Tchécoslovaquie
20%
Citez le ou un des pays hôte(s) 1958 Allemagne de l'est
10%
Citez le ou un des pays hôte(s) 1978 Danemark
10%
Citez une des nations dernière de sa poule 2015 Iran | Chili | Arabie saoudite | Algérie
10%
Citez une des nations dernière de sa poule 2013 Monténégro | Chili | Corée-du-Sud | Australie
10%
Citez une des nations dernière de sa poule 1999 Nigeria | Arabie saoudite | Argentine | Australie
10%
Le meilleur buteur de la compétition appartient à l'équipe de/du 1978 Pologne | Hongrie
10%
Le meilleur buteur de la compétition appartient à l'équipe de/du 1964 Roumanie
10%
Le meilleur buteur de la compétition appartient à l'équipe de/du 1974 Roumanie
10%
Le meilleur buteur de la compétition appartient à l'équipe de/du 1982 Roumanie
10%
Le meilleur buteur de la compétition appartient à l'équipe de/du 1961 Roumanie | Tchécoslovaquie
10%
Le meilleur buteur de la compétition appartient à l'équipe de/du 2001 Russie
10%
Le meilleur buteur de la compétition appartient à l'équipe de/du 2015 Slovénie
10%
Citez le ou un des pays hôte(s) 1990 Tchécoslovaquie
10%
Citez le ou un des pays hôte(s) 2005 Tunisie
10%
Le meilleur buteur de la compétition appartient à l'équipe de/du 1970 URSS
10%
Citez le ou un des pays hôte(s) 1974 Allemagne de l'est
0%
Le meilleur buteur de la compétition appartient à l'équipe de/du 1986 Corée-du-sud
0%
Le meilleur buteur de la compétition appartient à l'équipe de/du 1995 Corée-du-sud
0%
Le meilleur buteur de la compétition appartient à l'équipe de/du 1997 Corée-du-sud
0%
Le meilleur buteur de la compétition appartient à l'équipe de/du 1990 Cuba
0%
Le meilleur buteur de la compétition appartient à l'équipe de/du 1999 Cuba
0%
Le meilleur buteur de la compétition appartient à l'équipe de/du 2021 Cuba
0%
Citez le ou un des pays hôte(s) 1999 Egypte
0%
Le meilleur buteur de la compétition appartient à l'équipe de/du 2003 Hongrie
0%
Citez le ou un des pays hôte(s) 1995 Islande
0%
Le meilleur buteur de la compétition appartient à l'équipe de/du 2007 Islande
0%
Citez le ou un des pays hôte(s) 1997 Japon
0%
Le meilleur buteur de la compétition appartient à l'équipe de/du 2009 Macédoine
0%
Le meilleur buteur de la compétition appartient à l'équipe de/du 2017 Macédoine
0%
Citez le ou un des pays hôte(s) 1986 Suisse
0%
Le meilleur buteur de la compétition appartient à l'équipe de/du 1993 Suisse | Corée-du-Sud | Hongrie
0%
Le meilleur buteur de la compétition appartient à l'équipe de/du 2005 Tunisie
0%
Aucun quiz correspondant
Distribution des résultats
% des personnes avec chaque résultat
Percentile par nombre de réponses
Votre historique - résultats
Vous n’avez pas pris ce quiz